<?xml version="1.0" encoding="UTF-8"?>
<record
    xmlns:xsi="http://www.w3.org/2001/XMLSchema-instance"
    xsi:schemaLocation="http://www.loc.gov/MARC21/slim http://www.loc.gov/standards/marcxml/schema/MARC21slim.xsd"
    xmlns="http://www.loc.gov/MARC21/slim">

  <leader>00580    a2200145   4500</leader>
  <controlfield tag="003">OSt</controlfield>
  <controlfield tag="005">20260211140320.0</controlfield>
  <controlfield tag="008">260211b        |||||||| |||| 00| 0 eng d</controlfield>
  <datafield tag="020" ind1=" " ind2=" ">
    <subfield code="a">9789391558550</subfield>
  </datafield>
  <datafield tag="100" ind1=" " ind2=" ">
    <subfield code="a">&#x91C;&#x94B;&#x936;&#x940;  &#x935;&#x93F;.</subfield>
    <subfield code="9">52006</subfield>
  </datafield>
  <datafield tag="245" ind1=" " ind2=" ">
    <subfield code="a">&#x938;&#x94D;&#x935;&#x924;&#x94D;&#x935; &#x92D;&#x93E;&#x930;&#x924;&#x940;&#x92F; &#x935;&#x93F;&#x915;&#x93E;&#x938;&#x93E;&#x91A;&#x947; &#x909;&#x926;&#x94D;&#x92F;&#x92E;&#x936;&#x940;&#x932;&#x924;&#x93E; , &#x909;&#x926;&#x94D;&#x926;&#x94D;&#x92F;&#x94B;&#x917;  &#x906;&#x923;&#x93F;  &#x924;&#x902;&#x924;&#x94D;&#x930;&#x91C;&#x94D;&#x91E;&#x93E;&#x928;&#x93E;&#x91A;&#x947; </subfield>
  </datafield>
  <datafield tag="260" ind1=" " ind2=" ">
    <subfield code="b">&#x92D;&#x93E;&#x930;&#x924;&#x940;&#x92F;  &#x935;&#x93F;&#x91A;&#x93E;&#x930;  &#x938;&#x93E;&#x927;&#x928;&#x93E;  &#x92A;&#x94D;&#x930;&#x915;&#x93E;&#x936;&#x928; </subfield>
    <subfield code="c">2022</subfield>
    <subfield code="a">&#x92A;&#x941;&#x923;&#x947; </subfield>
  </datafield>
  <datafield tag="300" ind1=" " ind2=" ">
    <subfield code="a">68pp.</subfield>
  </datafield>
  <datafield tag="942" ind1=" " ind2=" ">
    <subfield code="c">BK</subfield>
    <subfield code="2">ddc</subfield>
  </datafield>
  <datafield tag="999" ind1=" " ind2=" ">
    <subfield code="c">370208</subfield>
    <subfield code="d">370208</subfield>
  </datafield>
  <datafield tag="952" ind1=" " ind2=" ">
    <subfield code="0">0</subfield>
    <subfield code="1">0</subfield>
    <subfield code="2">ddc</subfield>
    <subfield code="4">0</subfield>
    <subfield code="7">0</subfield>
    <subfield code="8">MCA</subfield>
    <subfield code="a">001</subfield>
    <subfield code="b">001</subfield>
    <subfield code="d">2026-02-03</subfield>
    <subfield code="e">188</subfield>
    <subfield code="g">52.50</subfield>
    <subfield code="l">0</subfield>
    <subfield code="p">KBJP-BK-3022</subfield>
    <subfield code="r">2026-02-03 00:00:00</subfield>
    <subfield code="v">75.00</subfield>
    <subfield code="w">2026-02-03</subfield>
    <subfield code="y">BK</subfield>
    <subfield code="z">3022</subfield>
  </datafield>
</record>
